| 000 | 00362cam a2200157ua 4500 | ||
|---|---|---|---|
| 003 | OSt | ||
| 008 | 250415b |||||||| |||| 00| 0 eng d | ||
| 041 | _aeng | ||
| 082 |
_a624 _bAGO/CI |
||
| 100 |
_aAgor , R . _96000 |
||
| 245 | _aCivil engineering / | ||
| 250 | _a17 / | ||
| 260 |
_aNew Delhi : _bKhanna publishers , _c1996. |
||
| 300 | _a653 ; . | ||
| 942 | _cBK | ||
| 999 |
_c100 _d100 |
||